[Event "LSS ZI-2009-0-00461"]
[Site "LSS email"]
[Date "2009.07.10"]
[Round "?"]
[White "Tindisa, Justin"]
[Black "Basson, Heinrich"]
[Result "0-1"]
[WhiteElo "1400"]
[BlackElo "1750"]
[PlyCount "58"]
[EventDate "2009.07.05"]
[EventType "match (corr)"]
[EventRounds "2"]
[EventCountry "GER"]
[SourceTitle "Corr 2011"]
[Source "ChessBase"]
[SourceDate "2010.08.31"]
[SourceVersion "1"]
[SourceVersionDate "2010.08.31"]
[SourceQuality "1"]

1. d4 Nf6 2. c4 e6 3. g3 d5 4. Nf3 dxc4 5. Bg2 Nc6 6. Qa4 Be7 7. 0-0 0-0 8. Qxc4 Qd5 9. Qxd5 exd5 10. Bg5 Ne4 11. Bxe7 Nxe7 12. h3 c6 13. Nbd2 Nd6 14. g4 f6 15. Rfc1 Bd7 16. Ne1 a5 17. Nd3 b6 18. Kh2 a4 19. Kg3 a3 20. b4 Kh8 21. Rc2 Be8 22. f4 Bf7 23. Re1 Nb5 24. e3 Rfe8 25. Nb1 Kg8 26. h4 Nd6 27. Bf1 h5 28. g5 Nef5+ 29. Kh3 Nc4 0-1

[Event "LSS ZI-2009-0-00459"]
[Site "LSS email"]
[Date "2009.07.09"]
[Round "?"]
[White "Laureles, Raymundo"]
[Black "Tindisa, Justin"]
[Result "1-0"]
[WhiteElo "1624"]
[BlackElo "1400"]
[PlyCount "57"]
[EventDate "2009.07.01"]
[EventType "match (corr)"]
[EventRounds "2"]
[EventCountry "GER"]
[SourceTitle "Corr 2011"]
[Source "ChessBase"]
[SourceDate "2010.08.31"]
[SourceVersion "1"]
[SourceVersionDate "2010.08.31"]
[SourceQuality "1"]

1. e4 e5 2. f4 Nc6 3. Nf3 exf4 4. d4 d6 5. Bxf4 Nf6 6. Nc3 Bg4 7. Bb5 a6 8. Bxc6+ bxc6 9. 0-0 Be7 10. h3 Bh5 11. Qe2 0-0 12. g4 Bg6 13. Rad1 Qc8 14. e5 dxe5 15. Nxe5 Qb7 16. Nxg6 fxg6 17. Qxe7 Qxb2 18. Qc5 Qb6 19. Qc4+ Kh8 20. Rb1 Qa7 21. g5 Nh5 22. Be3 Rxf1+ 23. Rxf1 Ng3 24. Rf7 Qb6 25. Bf2 Nf5 26. d5 Ne3 27. Qd3 Kg8 28. Bxe3 Qa5 29. Re7 1-0

[Event "LSS ZI-2009-0-00455"]
[Site "LSS email"]
[Date "2009.07.02"]
[Round "?"]
[White "Tindisa, Justin"]
[Black "Basson, Heinrich"]
[Result "0-1"]
[WhiteElo "1400"]
[BlackElo "1750"]
[PlyCount "60"]
[EventDate "2009.06.23"]
[EventType "match (corr)"]
[EventRounds "2"]
[EventCountry "GER"]
[SourceTitle "Corr 2011"]
[Source "ChessBase"]
[SourceDate "2010.08.31"]
[SourceVersion "1"]
[SourceVersionDate "2010.08.31"]
[SourceQuality "1"]

1. e4 e5 2. Nf3 Nc6 3. Bc4 Bc5 4. 0-0 Nf6 5. d3 d6 6. Nc3 0-0 7. h3 Be6 8. Nd5 Bxd5 9. Bxd5 Nxd5 10. exd5 Ne7 11. c4 c6 12. dxc6 Nxc6 13. Ng5 h6 14. Ne4 f5 15. Nxc5 dxc5 16. Be3 Qd6 17. a3 f4 18. Bd2 Qxd3 19. Rc1 Nd4 20. Rc3 Ne2+ 21. Kh1 Nxc3 22. bxc3 Rad8 23. Qe1 Qxd2 24. Qxe5 f3 25. Qxc5 Qe2 26. Rg1 fxg2+ 27. Rxg2 Rd3 28. Kh2 Rff3 29. Qc8+ Kh7 30. Qg4 Qe5+ 0-1

[Event "LSS OP-2009-0-00885"]
[Site "LSS email"]
[Date "2009.06.26"]
[Round "?"]
[White "Marculescu, Gheorghe"]
[Black "Tindisa, Justin"]
[Result "1-0"]
[WhiteElo "1829"]
[BlackElo "1400"]
[PlyCount "49"]
[EventDate "2009.06.20"]
[EventType "tourn (corr)"]
[EventRounds "4"]
[EventCountry "GER"]
[SourceTitle "Corr 2011"]
[Source "ChessBase"]
[SourceDate "2010.08.31"]
[SourceVersion "1"]
[SourceVersionDate "2010.08.31"]
[SourceQuality "1"]

1. e4 e5 2. Nf3 Nc6 3. Bb5 Nf6 4. 0-0 Bc5 5. c3 0-0 6. d4 exd4 7. cxd4 Bb6 8. e5 Ne8 9. Nc3 d6 10. Bg5 f6 11. exf6 Nxf6 12. Nd5 Bg4 13. Bxf6 gxf6 14. Re1 Nxd4 15. Nxb6 Nxf3+ 16. gxf3 axb6 17. fxg4 c6 18. Bd3 Rf7 19. Re6 d5 20. Qf3 Ra4 21. Rae1 Qd7 22. Re8+ Kg7 23. Bf5 Qd6 24. Qh3 h6 25. Qh5 1-0

[Event "LSS OP-2009-0-00885"]
[Site "LSS email"]
[Date "2009.06.26"]
[Round "?"]
[White "Tindisa, Justin"]
[Black "Jovanovic, Bratislav"]
[Result "0-1"]
[WhiteElo "1400"]
[BlackElo "2076"]
[PlyCount "46"]
[EventDate "2009.06.20"]
[EventType "tourn (corr)"]
[EventRounds "4"]
[EventCountry "GER"]
[SourceTitle "Corr 2011"]
[Source "ChessBase"]
[SourceDate "2010.08.31"]
[SourceVersion "1"]
[SourceVersionDate "2010.08.31"]
[SourceQuality "1"]

1. e4 e6 2. Nc3 d5 3. d4 Bb4 4. Bd3 dxe4 5. Bxe4 Nf6 6. Bg5 h6 7. Bxf6 Qxf6 8. Nf3 0-0 9. 0-0 Nd7 10. Ne1 c5 11. Ne2 cxd4 12. Nxd4 Nc5 13. f3 Bxe1 14. Rxe1 Rd8 15. c3 e5 16. Bc2 Ne6 17. Qd3 g6 18. Qe3 exd4 19. Qxh6 d3 20. Rad1 dxc2 21. Rxd8+ Qxd8 22. Re4 Qd1+ 23. Kf2 c1Q 0-1

[Event "LSS ZI-2009-0-00453"]
[Site "LSS email"]
[Date "2009.06.26"]
[Round "?"]
[White "Tindisa, Justin"]
[Black "Nemeth, Laszlo"]
[Result "0-1"]
[WhiteElo "1400"]
[BlackElo "1416"]
[PlyCount "90"]
[EventDate "2009.06.21"]
[EventType "match (corr)"]
[EventRounds "2"]
[EventCountry "GER"]
[SourceTitle "Corr 2011"]
[Source "ChessBase"]
[SourceDate "2010.08.31"]
[SourceVersion "1"]
[SourceVersionDate "2010.08.31"]
[SourceQuality "1"]

1. c4 Nf6 2. Nf3 e6 3. Nc3 Bb4 4. d4 0-0 5. Bg5 h6 6. Bd2 c5 7. dxc5 Bxc5 8. h3 Nc6 9. e4 d5 10. Bd3 Nb4 11. Bb1 dxc4 12. 0-0 b6 13. e5 Nfd5 14. a3 Nd3 15. Bxd3 Nxc3 16. Bxc3 Qxd3 17. Qxd3 cxd3 18. Rfd1 Ba6 19. b4 Be7 20. a4 Rfc8 21. Bd2 Bb7 22. Ne1 Be4 23. b5 Rc4 24. Be3 Rd8 25. a5 Bc5 26. Bxc5 Rxc5 27. axb6 axb6 28. f3 Bf5 29. g4 Bg6 30. h4 d2 31. h5 dxe1Q+ 32. Rxe1 Bd3 33. Red1 Rxe5 34. Ra3 Red5 35. Kf2 Kf8 36. Ke3 Bxb5 37. Rb1 Rc5 38. Rab3 Re5+ 39. Kf4 Rdd5 40. Kg3 f5 41. f4 Re2 42. Kh4 Bd3 43. Ra1 Rg2 44. gxf5 Bxf5 45. Rc3 g5+ 0-1

[Event "LSS ZI-2009-0-00452"]
[Site "LSS email"]
[Date "2009.06.25"]
[Round "?"]
[White "Tindisa, Justin"]
[Black "Kudryavtsev, Yaroslav Viktorovic"]
[Result "0-1"]
[WhiteElo "1400"]
[BlackElo "1887"]
[PlyCount "92"]
[EventDate "2009.06.21"]
[EventType "match (corr)"]
[EventRounds "2"]
[EventCountry "GER"]
[SourceTitle "Corr 2011"]
[Source "ChessBase"]
[SourceDate "2010.08.31"]
[SourceVersion "1"]
[SourceVersionDate "2010.08.31"]
[SourceQuality "1"]

1. e4 c5 2. Nf3 d6 3. Bc4 Nf6 4. d3 g6 5. 0-0 Bg7 6. Nc3 0-0 7. Ne1 a6 8. f4 b5 9. Bd5 Nxd5 10. Nxd5 e6 11. Ne3 d5 12. exd5 exd5 13. Qf3 Ra7 14. f5 d4 15. f6 Bxf6 16. Qxf6 Qxf6 17. Rxf6 dxe3 18. Bxe3 Rc7 19. Nf3 Re8 20. Bf4 Rc6 21. Rxc6 Nxc6 22. Bd6 Re2 23. Re1 Rxe1+ 24. Nxe1 c4 25. dxc4 bxc4 26. c3 f6 27. Nf3 Kf7 28. Nd4 Ne5 29. b3 cxb3 30. axb3 Bd7 31. Kf2 Nc6 32. Bc5 Nxd4 33. Bxd4 Ke6 34. c4 Bc6 35. g3 Be4 36. Ke3 Bc2 37. b4 Bb3 38. c5 f5 39. Kf4 Kd5 40. Bc3 Kc4 41. c6 Kxc3 42. Ke5 Ba4 43. c7 Bd7 44. Kd6 Bc8 45. Ke7 f4 46. gxf4 Kxb4 0-1

[Event "LSS OP-2009-0-00881"]
[Site "LSS email"]
[Date "2009.06.20"]
[Round "?"]
[White "Tindisa, Justin"]
[Black "Bester, Kazimierz"]
[Result "0-1"]
[WhiteElo "1400"]
[BlackElo "232"]
[PlyCount "77"]
[EventDate "2009.06.15"]
[EventType "tourn (corr)"]
[EventRounds "4"]
[EventCountry "GER"]
[SourceTitle "Corr 2011"]
[Source "ChessBase"]
[SourceDate "2010.08.31"]
[SourceVersion "1"]
[SourceVersionDate "2010.08.31"]
[SourceQuality "1"]

1. e4 d6 2. Nf3 c5 3. Nc3 a6 4. Bc4 Nf6 5. Ng5 e6 6. f4 h6 7. Nf3 Nxe4 8. Nxe4 d5 9. Nxc5 dxc4 10. Ne4 Be7 11. 0-0 0-0 12. Qe2 b5 13. d3 cxd3 14. cxd3 Bb7 15. Ng3 Nd7 16. f5 Bd5 17. Nh5 Nf6 18. Ne5 exf5 19. Rxf5 Be6 20. Nc6 Qb6+ 21. Kh1 Qxc6 22. Nxf6+ Bxf6 23. Rh5 Kh7 24. Qe3 g5 25. Bd2 Kg6 26. Qe2 Rac8 27. h4 Qd5 28. Rf1 Be7 29. Rf3 Bg4 30. Qxe7 Kxh5 31. Rf6 Bh3 32. Qe2+ Bg4 33. Qf2 Rce8 34. b3 Re2 35. Bxg5 hxg5 36. Qg3 Rh8 37. Rd6 Qf5 38. Rd4 gxh4 39. Qd6 0-1